|
|
|
|
| LEADER |
00000nas a22000007a 4500 |
| 001 |
ssj0000981 |
| 003 |
WaSeSS |
| 005 |
20200512172242.0 |
| 006 |
m d |
| 007 |
cr n |
| 008 |
050614d19832002azumn p s 0 a0eng |
| 010 |
|
|
|a 2012200623
|
| 022 |
|
|
|a 2169-1193
|y 0737-7770
|
| 035 |
|
|
|a (WaSeSS)ssj0000981
|
| 037 |
|
|
|b Information Intelligence, Inc., P.O. Box 31098, Phoenix, AZ 85046
|
| 040 |
|
|
|a OCLCS
|b eng
|c OCLCS
|d DST
|d CO3
|d OCLCE
|d OCLCQ
|d OCL
|d DLC
|d OCLCO
|d OCLCQ
|d OCLCF
|d OCLCO
|d VT2
|d OCLCQ
|d WaSeSS
|
| 042 |
|
|
|a pcc
|a nsdp
|
| 050 |
|
4 |
|a Z678.9.A1
|b I544
|
| 082 |
1 |
0 |
|a 025.3/0285
|2 14
|
| 130 |
0 |
|
|a Information intelligence, online libraries, and microcomputers (Online)
|
| 210 |
0 |
|
|a Inf. intell. online libr. microcomput.
|b (Online)
|
| 222 |
|
0 |
|a Information intelligence, online libraries, and microcomputers
|b (Online)
|
| 245 |
1 |
0 |
|a Information intelligence, online libraries, and microcomputers
|h [electronic resource].
|
| 246 |
3 |
0 |
|a Libraries and microcomputers
|
| 246 |
3 |
0 |
|a Online libraries and microcomputers
|
| 246 |
3 |
0 |
|a Information intelligence
|
| 260 |
|
|
|a Phoenix, AZ :
|b Information Intelligence
|
| 310 |
|
|
|a Monthly (except July & Aug.)
|
| 362 |
1 |
|
|a Print began with v. 1, no. 1 (Sept. 1983); ceased with v. 20, no. 12 (Dec. 2002).
|
| 506 |
|
|
|a License restrictions may limit access.
|
| 588 |
|
|
|a Description based on print version record.
|
| 588 |
|
|
|a Latest issue consulted: Vol. 20, no. 12 (Dec. 2002); title from journal information page (Proquest, viewed Aug. 8, 2012).
|
| 650 |
|
0 |
|a Libraries
|x Automation
|v Periodicals.
|
| 650 |
|
0 |
|a Library science
|x Data processing
|v Periodicals.
|
| 650 |
|
0 |
|a Microcomputers
|v Periodicals.
|
| 650 |
|
0 |
|a Online data processing
|v Periodicals.
|
| 650 |
|
6 |
|a Bibliothèques
|x Automatisation
|v Périodiques.
|
| 650 |
|
6 |
|a Bibliothéconomie
|x Informatique
|v Périodiques.
|
| 650 |
|
6 |
|a Micro-ordinateurs
|v Périodiques.
|
| 650 |
|
6 |
|a Systèmes en ligne
|v Périodiques.
|
| 650 |
|
7 |
|a Libraries
|x Automation.
|2 fast
|0 (OCoLC)fst00997347
|
| 650 |
|
7 |
|a Library science
|x Data processing.
|2 fast
|0 (OCoLC)fst00997930
|
| 650 |
|
7 |
|a Microcomputers.
|2 fast
|0 (OCoLC)fst01019642
|
| 650 |
|
7 |
|a Online data processing.
|2 fast
|0 (OCoLC)fst01045942
|
| 655 |
|
0 |
|a Electronic journals.
|
| 776 |
0 |
8 |
|u http://search.proquest.com/publication/30757
|
| 776 |
0 |
8 |
|i Print version:
|t Information intelligence, online libraries, and microcomputers
|x 0737-7770
|w (DLC) 85643920
|w (OCoLC)9462024
|
| 856 |
4 |
0 |
|z Full text available from Research Library: 11/01/1996 to 12/31/2002
|u https://search.proquest.com/publication/30757
|